00505nam a2200145Ia 4500008004100000050001500041245002200056245002400078245007200102260002900174260000900203300001600212999001900228952011200247160319s9999 xx 000 0 und d bR627n 2006 aNoli Me Tangere : bsa bagong pananaw / cCorazon G. Magbaleta, Fernandez, Benjamina A., Linao, Maria Teresa. bMega- Jesta Prints, Inc. c2006 a419 pages : c292328d292328 001040aSSISBbSSISBcFILd2016-03-19l0oFil Fic R627n 2006pUS 0813r2016-03-19 00:00:00w2016-03-19yBK